1879 1916 1269 1917 1984 1843 1141 1810 1641 1431 1014 1034 1343 1971 1225 1517 1138 1273 1390 1175 1413 1770 1336 1459 1995 1975 1609 1623 1944 1462 1375 1272 1412 1921 1735 1176 1113 1702 1526 1428 1051 1531 1412 1613 1747 1524 1055 1635 1341 1269 1651 1223 1392 1215 1087 1439 1045 1799 1123 1813 1488 1991 1132 1010 1181 1548 1726 1597 1698 1035 1455 1924 1444 1958 1135 1437 1106 1165 1053 1711 1456 1066 1031 1299 1476 1514 1810 1431 1160 1821 1159 1918 1685 1504 1259 1974 1475 1897 1704 BCNSPRNW ULIB Ver.6.0+V

เปลี่ยนเป็นภาษาไทย

Change to English
 แสดงรายละเอียดบรรณานุกรม
  กลับหน้าหลัก

Brief Record : Get Marc (ISO 2709) : E-mail record : QR code < ปิดหน้าต่าง
LEADER : 00000nam 2200000uu 4500
001    13399122830
003     ULIB
008    131009s2554||||th 000 0 tha d
020    ^a9789740326625
050    ^aQA76^bณ321ก
100 0  ^aณัฐกร สงคราม
245 10 ^aการออกแบบและพัฒนามัลติมีเดียเพื่อการเรียนรู้ =^bMultimedia for learning : design & development /^cณัฐกร สงคราม
246 31 ^aMultimedia for learning : design & development.
250    ^aพิมพ์ครั้งที่ 2
260    ^aกรุงเทพฯ :^bสำนักพิมพ์แห่งจุฬาลงกรณ์มหาวิทยาลัย,^c2554
300    ^a163 หน้า :^bภาพประกอบสีบางภาพ ;^c26 ซม.
650  4 ^aสื่อการสอน
650  4 ^aระบบมัลติมีเดียในการศึกษา
650  4 ^aระบบมัลติมีเดีย
650  4 ^aคอมพิวเตอร์ช่วยการสอน
945    ^p180^l0^i034058
999    ^aทศพร
รายการนี้ยังไม่มีแท็ก
คุณยังไม่ได้ล็อกอิน คุณสามารถมีกิจกรรมร่วมกับเว็บไซต์ได้ แต่ต้องล็อกอินก่อน ::
  ล็อกอิน

รายการสื่อสารสนเทศ

ลำดับที่ ประเภท เลขเรียก/บาร์โค้ด สถานที่ สถานะ
1. การศึกษาทั่วไป
หนังสือสำรอง
สถานะ=หนังสือสำรอง
QA76 ณ321ก ฉ.1 
  Barcode: 034058
ห้องสมุดวิทยาเขตสวรรค์ประชารักษ์
►หนังสือทั่วไป
บนชั้น

รายการใกล้เคียง
    ผู้แต่ง [ณัฐกร สงคราม]

    หัวเรื่อง [สื่อการสอน]
    หัวเรื่อง [ระบบมัลติมีเดียในการศึกษา]
    หัวเรื่อง [ระบบมัลติมีเดีย]
    หัวเรื่อง [คอมพิวเตอร์ช่วยการสอน]

BibComment


ยังไม่เคยถูกคอมเมนท์

คอมเมนท์ทรัพยากรรายการนี้
  คอมเมนท์: การออกแบบและพัฒน..


 Copyright 2026. Bcnsprnw @Library